| 000 | 00404cam a22001337a 4500 | ||
|---|---|---|---|
| 008 | 180718b1962 xxu||||| |||| 00| 0 eng d | ||
| 082 | _aAPPPA 61-62 KOH | ||
| 100 | _aKohli, Shanta | ||
| 245 |
_aDelhi social welfare advisory board _cby Shanta Kohli |
||
| 260 |
_aNew Delhi _bIndian Institute of Public Administration _c1962 |
||
| 300 | _a43p. | ||
| 650 | _aAdvisory board | ||
| 650 | _aDelhi social welfare | ||
| 999 |
_c501196 _d501196 |
||